Σχήμα Χωρών Κουίζ #3 - Statistics

General Stats
  • This quiz has been taken 14 times
  • The average score is 8 of 16
Answer Stats
Picture Answer % Correct
Κύπρος
93%
Γερμανία
79%
Σομαλία
71%
Κροατία
71%
Σουηδία
64%
Ταϊλάνδη
64%
Μογγολία
50%
Λαϊκή Δημοκρατία του Κονγκό
36%
Μαδαγασκάρη
36%
Πορτογαλία
36%
Μπανγκλαντές
29%
Αϊτή
29%
Περού
29%
Τσαντ
29%
Ιράν
29%
Ουκρανία
21%
No matching quizzes found
Score Distribution
Percent of People with Each Score
Percentile by Number Answered
Your Score History
You have not taken this quiz